000 00895cas a22002897a 4500
005 20231010062645.0
008 001016c1999 mx qr pernn 0 b1spa d
010 _a82593
011 _a83565
035 _a94078
245 0 0 _a2000 Agro :
_bRevista Industrial del Campo
260 0 _aMéxico, D.F. :
_b(s.e),
_c1999-
300 _av.
310 _aTrimestral
362 _av.2 n.6, 2000.
590 _aBATCH-UPD
_b10
_c20130110
_lUCH01
_h0214
590 _aBATCH-UPD
_b10
_c20130409
_lUCH01
_h2230
590 _aBATCH-UPD
_b10
_c20130913
_lUCH01
_h2116
590 _aCONVERSION
_b10
_c20130109
_lUCH01
_h1346
650 1 7 _aAgricultura
_xPublicaciones periódicas
_2
_91772
866 _an.44-51 - (2004-2005)
866 _an.54 - (2009)
866 _av.1 n.1-v.2 n.6 (1999-2000)
866 _av.2 n.7-v.3 n.10 (2000-2001)
901 _aSE
905 _aLilia Sánchez G.
999 _c82593
_d82593